Estudi-autodiagnòstic sobre productivitat a l'empresa catalana
Publicado:
Barcelona :
Generalitat de Catalunya, Direcció General de Política Industrial i Tecnològica ,
1983
Descripción Física:
160 p. ; 21 x 30 cm
MARC
| LEADER | 00000nam a2200000Ia 4500 | ||
|---|---|---|---|
| 001 | 1264 | ||
| 008 | 160829s1983 xx 000 0 cat d | ||
| 080 | |a FOL-1-177 | ||
| 245 | |a Estudi-autodiagnòstic sobre productivitat a l'empresa catalana | ||
| 260 | |a Barcelona : |b Generalitat de Catalunya, Direcció General de Política Industrial i Tecnològica, |c 1983 | ||
| 300 | |a 160 p. ; |c 21 x 30 cm | ||
| 650 | |a Empreses |x Catalunya |x Productivitat del treball |9 22024 | ||
| 700 | |a Catalunya. Direcció General de Política Industrial i Tecnològica |9 22025 | ||
| 901 | |a Arxiu | ||
| 942 | |n 1 | ||
| 952 | |0 0 |1 0 |4 0 |6 FOL1177 |7 1 |9 42007 |a Arxiu |b Arxiu |d 2016-12-01 |l 0 |o FOL-1-177 |p 1264 |r 2016-12-01 00:00:00 |w 2016-12-01 |y ARXIU | ||
| 999 | |c 44454 |d 44454 | ||